000 00679nam a22001817a 4500
003 UA-OsUOA
001 8509
007 ta
008 20040831b un ||||| |||| 00| 0 ukr d
100 _aЯровий О.
942 _cSA
040 _aUA-OsUOA
_cUA-OsUOA
_dUA-OsUOA
245 _a" Благослови, любове... " : Слово про творчість отця Анатолія ( Загрійчука ), священика і поета
_cО. Яровий; І. Бондар-Терещенко; В. Гнатенко
300 _aС.6
955 _a0
773 0 _w0
_tЛітературна Украіна
_dКиїв
_d2004
_g№32
650 7 _aЗагрійчук А.
_2UDC
999 _c294670
_d294670